Money and the economy issues in monetary analysis / (Record no. 4350)
[ view plain ]
| 000 -LEADER | |
|---|---|
| fixed length control field | 01168nac a22002771u 4500 |
| 010 ## - LIBRARY OF CONGRESS CONTROL NUMBER | |
| LC control number | 93017996 |
| 020 ## - INTERNATIONAL STANDARD BOOK NUMBER | |
| International Standard Book Number | 0521445426 |
| 082 00 - DEWEY DECIMAL CLASSIFICATION NUMBER | |
| Classification number | 332.4 |
| Item number | B8972 |
| 090 ## - LOCALLY ASSIGNED LC-TYPE CALL NUMBER (OCLC); LOCAL CALL NUMBER (OCLC) | |
| -- | 4350 |
| -- | 4350 |
| 100 ## - MAIN ENTRY--PERSONAL NAME | |
| Personal name | Brunner, Karl, |
| 245 10 - TITLE STATEMENT | |
| Title | Money and the economy issues in monetary analysis / |
| Statement of responsibility, etc | Karl Brunner, Allan H. Meltzer. |
| 260 ## - PUBLICATION, DISTRIBUTION, ETC. (IMPRINT) | |
| Place of publication, distribution, etc | Cambridge [England] ; |
| -- | New York, NY, USA : |
| Name of publisher, distributor, etc | Cambridge University Press, |
| Date of publication, distribution, etc | 1993. |
| 300 ## - PHYSICAL DESCRIPTION | |
| Extent | xvii, 391 p. : |
| Other physical details | ill. ; |
| Dimensions | 25 cm. |
| 440 #0 - | |
| -- | Raffaele Mattioli lectures |
| 500 ## - GENERAL NOTE | |
| General note | At head of title: Raffaele Mattioli Foundation. |
| 504 ## - BIBLIOGRAPHY, ETC. NOTE | |
| Bibliography, etc | Includes bibliographical references (p. 362-379) and index. |
| 650 #0 - SUBJECT ADDED ENTRY--TOPICAL TERM | |
| Topical term or geographic name as entry element | Monetary policy. |
| 650 #0 - SUBJECT ADDED ENTRY--TOPICAL TERM | |
| Topical term or geographic name as entry element | Fiscal policy. |
| 700 1# - ADDED ENTRY--PERSONAL NAME | |
| Personal name | Meltzer, Allan H. |
| 700 1# - ADDED ENTRY--PERSONAL NAME | |
| Personal name | Nicodano, Giovanna |
| 710 2# - ADDED ENTRY--CORPORATE NAME | |
| Corporate name or jurisdiction name as entry element | Raffaele Mattioli Foundation. |
| 856 42 - ELECTRONIC LOCATION AND ACCESS | |
| Materials specified | Publisher description |
| Uniform Resource Identifier | <a href="http://www.loc.gov/catdir/description/cam025/93017996.html">http://www.loc.gov/catdir/description/cam025/93017996.html</a> |
| 856 42 - ELECTRONIC LOCATION AND ACCESS | |
| Materials specified | Table of contents |
| Uniform Resource Identifier | <a href="http://www.loc.gov/catdir/toc/cam022/93017996.html">http://www.loc.gov/catdir/toc/cam022/93017996.html</a> |
| 942 ## - ADDED ENTRY ELEMENTS (KOHA) | |
| Item type | Book - Borrowing |
| Call number prefix | 332.4B8972 |
| Withdrawn status | Item status | Damaged status | Not for loan | Home library | Current library | Shelving location | Date acquired | Source of acquisition | Total Checkouts | Full call number | Barcode | Date last seen | Koha item type |
|---|---|---|---|---|---|---|---|---|---|---|---|---|---|
| Central Library | Central Library | First floor | 04/09/2007 | Purchase | 332.4 BRU | 000005298 | 15/07/2025 | Book - Borrowing |